000 00416nam a2200169Ia 4500
008 230524s9999 xx 000 0 und d
082 _a540
_bBHA
100 _aS.K.Bhasin
245 0 _aLaboratory Manual on Engineering Chemistry
250 _aIST
260 _aNEW DELHI
_bDhanpat Rai
_c2008
300 _aXI;352
500 _aQuantity Number: 3
650 _aChemistry
700 _a Sudha Rani
942 _cBK
999 _c40963
_d40963